000 00548nam a2200193Ia 4500
005 20250508164821.0
008 008 250505s9999 xx 000 0 eng d
037 _aDissertations
040 _aFEDL
_beng
_cFEDL
041 _aeng
_2eng
084 _a370.7, GHO/DI
_qFEDL
100 _aGhoshal Maumita
_9779208
245 0 _aModelling and application in teacher education
260 _c1994
300 _a96p.
546 _aM. Phil Dissertation (Delhi University)
942 _cDIS
_h370.7, GHO/DI
999 _c1391371
_d1391371